00363 a2200109 4500001001000000005001700010008004100027245004800068100002400116773009600140999001700236ART_2406320260410161934.0260409a 10aDinámica de la distribución del ingreso1 aOlivera, Julio H.G.0 tRevista de Economía Política de Buenos Airesg- Año 2, Vol. 3/4 (nov. 2008)wREV23982 c28829d28829